[Event "Detroit (MCO/DEU/4/20)"]
[Site "?"]
[Date "1994.??.??"]
[Round "?"]
[White "Sturgis, Derreck"]
[Black "Jarvis, K."]
[Result "1-0"]
[WhiteElo "1605"]
[BlackElo "1605"]
[PlyCount "39"]
[EventDate "1994.??.??"]

{4/(20)} 1. d4 d5 2. c4 e6 3. Nc3 Nc6 4. cxd5 exd5 5. Nf3 Nf6 6. Bg5 Be7 7.
Bxf6 Bxf6 8. e3 O-O 9. Bb5 a6 10. Bxc6 bxc6 11. O-O Qd6 12. e4 Be6 13. e5 Bxe5
14. dxe5 Qd7 15. Rc1 Rad8 16. Nd4 Rfe8 17. Na4 h5 18. f4 g6 19. Nc5 Bg4 20.
Nxd7 1-0

[Event "Eastpointe (EDO/4/26)"]
[Site "?"]
[Date "1994.??.??"]
[Round "?"]
[White "Sturgis, Derreck"]
[Black "Hartwig, Thomas"]
[Result "0-1"]
[WhiteElo "1605"]
[BlackElo "1605"]
[PlyCount "56"]
[EventDate "1994.??.??"]

{4/(26)} 1. e4 c5 2. Nf3 d6 3. d4 cxd4 4. Nxd4 Nf6 5. Nc3 g6 6. Bc4 Bg7 7. Be3
O-O 8. Qd2 Re8 9. Bh6 Bh8 10. f4 Nc6 11. f5 Nxd4 12. Qxd4 Ng4 13. Qd2 Nxh6 14.
Qxh6 Bg7 15. Qg5 Qc7 16. Bd5 Bxc3+ 17. bxc3 Qxc3+ 18. Kf2 Bxf5 19. exf5 Qd4+
20. Ke2 Qxd5 21. h4 Qe5+ 22. Kf3 Qxf5+ 23. Qxf5 gxf5 24. g4 fxg4+ 25. Kxg4 Rac8
26. Rac1 Rc4+ 27. Kf5 Rec8 28. Rh2 R8c5# 0-1

[Event "Eastpointe (US Am N/3/43)"]
[Site "?"]
[Date "1994.??.??"]
[Round "?"]
[White "Sturgis, Derreck"]
[Black "Calvo, E."]
[Result "0-1"]
[WhiteElo "1605"]
[BlackElo "1605"]
[PlyCount "174"]
[EventDate "1994.??.??"]

{3/(43)} 1. e4 b6 2. d4 Bb7 3. d5 g6 4. c4 Bg7 5. Nc3 Na6 6. a3 c5 7. Bd2 e5 8.
Qc1 d6 9. f4 Qe7 10. fxe5 Bxe5 11. Nf3 Bxc3 12. Bxc3 Nf6 13. Be2 Rg8 14. Qg5
Nxe4 15. Qxe7+ Kxe7 16. Rc1 h6 17. O-O Kd7 18. Bd3 Nxc3 19. Rxc3 Nc7 20. g4 Ne8
21. h4 Bc8 22. Nd2 Rg7 23. Ne4 Kc7 24. Bc2 Bxg4 25. Nf6 Nxf6 26. Rxf6 Re8 27.
Rg3 h5 28. Bd3 Re5 29. Rg2 Re3 30. Bf1 Bh3 31. Rgf2 Bxf1 32. Rxf7+ Rxf7 33.
Rxf7+ Kb8 34. Rxf1 Re4 35. Rf8+ Kb7 36. Rf7+ Ka6 37. Rf6 Rxc4 38. Rxd6 Rxh4 39.
Rxg6 Rd4 40. Rg5 h4 41. Rh5 Kb5 42. Kg2 Kc4 43. Rh7 Kxd5 44. Rxa7 Rd2+ 45. Kh3
Rxb2 46. Kxh4 b5 47. Ra5 Kc6 48. Kg4 b4 49. axb4 Rxb4+ 50. Kf5 c4 51. Ra3 Rb3
52. Ra6+ Kc5 53. Ra8 c3 54. Ke4 Kb4 55. Rc8 Rb2 56. Kd3 Rd2+ 57. Ke3 Kb3 58.
Rb8+ Kc2 59. Rc8 Rd3+ 60. Ke2 Rd7 61. Rc6 Re7+ 62. Kf3 Kb3 63. Rb6+ Ka4 64.
Ra6+ Kb5 65. Ra8 Rc7 66. Ra1 c2 67. Rc1 Kb4 68. Ke2 Kc3 69. Ke3 Rd7 70. Ke2 Rb7
71. Rf1 Rb1 72. Rf3+ Kb2 73. Rf8 c1=Q 74. Rb8+ Ka3 75. Ra8+ Kb4 76. Rb8+ Ka5
77. Ra8+ Kb6 78. Rb8+ Ka7 79. Rxb1 Qxb1 80. Ke3 Qc2 81. Kf4 Qd3 82. Kg5 Qe4 83.
Kh5 Kb6 84. Kg5 Kc6 85. Kf6 Kd6 86. Kg5 Ke6 87. Kh5 Kf6 0-1

[Event "Detroit (Class DE/3/10)"]
[Site "?"]
[Date "1994.??.??"]
[Round "?"]
[White "Sturgis, Derreck"]
[Black "Beydoun, M."]
[Result "0-1"]
[WhiteElo "1605"]
[BlackElo "1605"]
[PlyCount "70"]
[EventDate "1994.??.??"]

{3/(10)} 1. e4 c5 2. Nf3 Nc6 3. Bb5 Nf6 4. Bxc6 bxc6 5. c4 Nxe4 6. d3 Qa5+ 7.
Bd2 Nxd2 8. Nbxd2 Ba6 9. O-O g6 10. Nb3 Qb6 11. Rc1 Bg7 12. d4 cxd4 13. c5 Qb7
14. Re1 e5 15. Nxe5 O-O 16. Qxd4 Rfe8 17. Qd6 Qb8 18. Nxd7 Rxe1+ 19. Rxe1 Qxd6
20. cxd6 Rd8 21. Nbc5 Bc8 22. h3 Bxd7 23. Nxd7 Rxd7 24. Re8+ Bf8 25. Ra8 Kg7
26. b4 Bxd6 27. a3 Re7 28. g4 Rb7 29. Rc8 Rc7 30. Rd8 Be5 31. Rd3 Rb7 32. Kg2
Rb6 33. Rd7 Ra6 34. Re7 Kf6 35. g5+ Kxe7 0-1

[Event "Detroit (MOR/5/56)"]
[Site "?"]
[Date "1994.??.??"]
[Round "?"]
[White "Stubbs, B."]
[Black "Williams, C."]
[Result "0-1"]
[WhiteElo "1605"]
[BlackElo "1605"]
[PlyCount "88"]
[EventDate "1994.??.??"]

{5/(56)} 1. e4 c5 2. Nc3 Nc6 3. Nf3 g6 4. Bc4 Bg7 5. d3 e6 6. Bd2 Nge7 7. a3
O-O 8. O-O d5 9. exd5 exd5 10. Bb3 Be6 11. Ne2 Bxb2 12. Rb1 Bg7 13. c4 d4 14.
Ng5 Bf5 15. Bc2 Ne5 16. Nf4 h6 17. Nf3 b6 18. Nxe5 Bxe5 19. Re1 Qd6 20. g3 Kg7
21. g4 Bd7 22. h3 Rae8 23. Ba4 Nc6 24. Nd5 Bh2+ 25. Kf1 Rxe1+ 26. Bxe1 Be6 27.
Bb3 f5 28. g5 hxg5 29. Bd2 g4 30. hxg4 fxg4 31. Qc1 Rf3 32. Bh6+ Kf7 33. Bd1
Rxd3 34. Bf4 Bxf4 35. Nxf4 Rc3 36. Bc2 Bxc4+ 37. Kg2 Bd5+ 38. Kf1 Bc4+ 39. Kg2
d3 40. Qd2 Rxc2 41. Qd1 Qxf4 42. Qf1 g3 43. Qh1 Bd5+ 44. Kf1 Bxh1 0-1

[Event "Detroit (MOR/7/51)"]
[Site "?"]
[Date "1994.??.??"]
[Round "?"]
[White "Stubbs, B."]
[Black "Rosebrook, G."]
[Result "0-1"]
[WhiteElo "1605"]
[BlackElo "1605"]
[PlyCount "60"]
[EventDate "1994.??.??"]

{7/(51)} 1. e4 c5 2. Nf3 Nf6 3. d4 Nxe4 4. Bd3 Nf6 5. dxc5 Qa5+ 6. Nc3 Qxc5 7.
Be3 Qa5 8. O-O a6 9. h3 g6 10. Qe2 Bg7 11. Bg5 Nc6 12. a3 e6 13. b4 Qc7 14. b5
Ne7 15. Bd2 O-O 16. bxa6 bxa6 17. Ne4 Nxe4 18. Bxe4 d5 19. Bxd5 Nxd5 20. Rac1
Bd7 21. g3 Bc3 22. Bg5 Bb5 23. Qe4 Bxf1 24. Rxf1 Ba5 25. c4 Nc3 26. Qh4 Bb6 27.
Bf6 Qxg3+ 28. Kh1 Qxf3+ 29. Kh2 Bc7+ 30. Kg1 Ne2# 0-1

[Event "Detroit (MCO/DEU/5/16)"]
[Site "?"]
[Date "1994.??.??"]
[Round "?"]
[White "Stubbs, B."]
[Black "Roggenbuck, B."]
[Result "1-0"]
[WhiteElo "1605"]
[BlackElo "1605"]
[PlyCount "103"]
[EventDate "1994.??.??"]

{5/(16)} 1. e4 e5 2. Nf3 Nc6 3. Bc4 Bc5 4. Nc3 Nf6 5. d3 h6 6. h3 a6 7. O-O b5
8. Bb3 Bb7 9. a3 O-O 10. Ne2 d6 11. c3 Re8 12. Re1 Qd7 13. c4 b4 14. axb4 Bxb4
15. Bd2 Bc5 16. Bc3 Re7 17. d4 Ba7 18. d5 Nd4 19. Nexd4 exd4 20. Nxd4 Nxe4 21.
Qd3 Nc5 22. Rxe7 Qxe7 23. Qd1 Nxb3 24. Qxb3 Rb8 25. Nf5 Qe2 26. Be1 Bc8 27. Ng3
Qxe1+ 28. Rxe1 Rxb3 29. Re8+ Kh7 30. Rxc8 Rxb2 31. Rxc7 Bxf2+ 32. Kh2 Bxg3+ 33.
Kxg3 Rc2 34. Rc6 a5 35. Rxd6 Rxc4 36. Ra6 Rc5 37. d6 Rd5 38. Kf4 Rd4+ 39. Ke5
Rd2 40. Rxa5 f6+ 41. Ke6 Kg6 42. d7 Re2+ 43. Kd6 Rd2+ 44. Rd5 Rxg2 45. d8=Q Rg3
46. Qe8+ Kh7 47. Qe4+ Rg6 48. Kd7 f5 49. Qxf5 h5 50. Rd6 h4 51. Qxg6+ Kh8 52.
Re6 1-0

[Event "Detroit (MCO/DEU/4/18)"]
[Site "?"]
[Date "1994.??.??"]
[Round "?"]
[White "Stubbs, B."]
[Black "Melton, J."]
[Result "1-0"]
[WhiteElo "1605"]
[BlackElo "1605"]
[PlyCount "67"]
[EventDate "1994.??.??"]

{4/(18)} 1. e4 e5 2. Nf3 Nc6 3. Bc4 h6 4. d4 a6 5. d5 b5 6. dxc6 bxc4 7. O-O d6
8. Nc3 Ne7 9. Nd2 Nxc6 10. Nxc4 Bb7 11. Be3 Be7 12. a3 O-O 13. Qg4 Bg5 14. Ne2
Bc8 15. Qf3 Be6 16. Nd2 Ne7 17. Bxg5 hxg5 18. h3 d5 19. Rad1 f5 20. exd5 Bxd5
21. Qc3 Ng6 22. Nc4 g4 23. hxg4 c6 24. gxf5 Qg5 25. Ng3 Rxf5 26. Ne3 Rf4 27.
Nxd5 cxd5 28. Rxd5 Rh4 29. Qe3 Qf6 30. Ne4 Qe6 31. Rfd1 Nf4 32. Rd8+ Rxd8 33.
Rxd8+ Kh7 34. Ng5+ 1-0

[Event "Detroit (MOR/3/69)"]
[Site "?"]
[Date "1994.??.??"]
[Round "?"]
[White "Stubbs, B."]
[Black "Leaf, J."]
[Result "1-0"]
[WhiteElo "1605"]
[BlackElo "1605"]
[PlyCount "67"]
[EventDate "1994.??.??"]

{3/(69)} 1. e4 e5 2. Nf3 Nc6 3. Nc3 Nf6 4. Bc4 Bd6 5. a3 O-O 6. d3 b6 7. Bg5 h6
8. Bh4 Bb7 9. Nd5 Ne7 10. Nxf6+ gxf6 11. Bxf6 Qc8 12. Qd2 Kh7 13. g4 Ng6 14.
Ng5+ Kg8 15. d4 hxg5 16. Qxg5 Re8 17. Qh6 Bf8 18. Qg5 Be7 19. h4 Qd8 20. Qh6
Bxf6 21. h5 Bg7 22. Qe3 Nf4 23. Qb3 Rf8 24. h6 Bxh6 25. Rxh6 Bxe4 26. dxe5 d5
27. exd6 cxd6 28. Qc3 Ng6 29. O-O-O Rb8 30. f4 Re8 31. f5 Rc8 32. Rxg6+ Kf8 33.
Qg7+ Ke7 34. Qxf7# 1-0

[Event "Detroit (MOR/1b/28)"]
[Site "?"]
[Date "1994.??.??"]
[Round "?"]
[White "Stubbs, B."]
[Black "Kling, G."]
[Result "0-1"]
[WhiteElo "1605"]
[BlackElo "1605"]
[PlyCount "64"]
[EventDate "1994.??.??"]

1. e4 e6 2. Nf3 d5 3. exd5 exd5 4. d4 Nf6 5. Bg5 Be7 6. Be2 Nc6 7. Nc3 a6 8. a3
Bf5 9. O-O O-O 10. b4 Ne4 11. Qe1 Nxg5 12. Nxg5 Bxg5 13. Bf3 Nxd4 14. Qd1 Nxf3+
15. Qxf3 Be6 16. b5 Bf6 17. Rae1 Bxc3 18. Qxc3 d4 19. Qd3 axb5 20. Qxb5 Rxa3
21. Rd1 Ra2 22. c3 d3 23. Rxd3 Qa8 24. Qb1 Bc4 25. Rdd1 Bxf1 26. Rxf1 Rd8 27.
h3 Rdd2 28. Re1 Rxf2 29. Qe4 h6 30. Rb1 Rxg2+ 31. Kh1 Rh2+ 32. Kg1 Qa7+ 0-1

[Event "Detroit (MCO/DEU/7/10)"]
[Site "?"]
[Date "1994.??.??"]
[Round "?"]
[White "Stubbs, B."]
[Black "Jackson, K."]
[Result "0-1"]
[WhiteElo "1605"]
[BlackElo "1605"]
[PlyCount "88"]
[EventDate "1994.??.??"]

{7/(10)} 1. e4 d5 2. exd5 Qxd5 3. Nc3 Qd8 4. Nf3 Nf6 5. Bc4 Nc6 6. O-O e6 7. a3
Be7 8. Bb5 O-O 9. Bxc6 bxc6 10. d3 Rb8 11. Ne5 Bb7 12. b4 Nd5 13. Nxd5 Qxd5 14.
Nf3 Rfd8 15. Bf4 Rbc8 16. Qd2 c5 17. bxc5 Bxc5 18. Rfe1 f6 19. c4 Qxd3 20. Qxd3
Rxd3 21. Rxe6 Bxf3 22. gxf3 Rxf3 23. Be3 Bxe3 24. fxe3 Kf7 25. Ra6 Rxe3 26.
Rxa7 Rc3 27. Ra4 g5 28. Rd1 Kg6 29. Rd7 h6 30. Kf2 h5 31. Kg2 g4 32. Rd1 Kg5
33. Ra1 Kh4 34. Rb4 f5 35. a4 f4 36. a5 c5 37. Rba4 f3+ 38. Kf2 Rc2+ 39. Kg1
Kh3 40. a6 Rg2+ 41. Kf1 Kxh2 42. a7 Ra8 43. R4a2 g3 44. Rxg2+ fxg2+ 0-1

[Event "Detroit (MCO/DEU/1b/7)"]
[Site "?"]
[Date "1994.??.??"]
[Round "?"]
[White "Stubbs, B."]
[Black "Card, A."]
[Result "0-1"]
[WhiteElo "1605"]
[BlackElo "1605"]
[PlyCount "78"]
[EventDate "1994.??.??"]

1. e4 c5 2. Nc3 Nc6 3. Bc4 Nf6 4. Nf3 e6 5. d3 Be7 6. Bf4 a6 7. O-O O-O 8. e5
Nh5 9. Be3 d5 10. exd6 Bxd6 11. Ne4 b5 12. Bb3 Qe7 13. Nfg5 Nf6 14. Nxf6+ Qxf6
15. Ne4 Qe7 16. Qf3 Nd4 17. Bxd4 cxd4 18. Nxd6 Bd7 19. Ne4 Bc6 20. Qe2 f5 21.
Nd2 Rf6 22. Rae1 Kh8 23. Bxe6 Re8 24. Bd5 Qxe2 25. Rxe2 Rxe2 26. Bxc6 Rxd2 27.
Re1 h6 28. Bf3 Rxc2 29. Rb1 Re6 30. Kf1 g5 31. b4 g4 32. Bd1 Rd2 33. g3 Rxd3
34. Bc2 Rf3 35. Bb3 Re7 36. Rd1 f4 37. Rxd4 fxg3 38. Rxg4 Rxf2+ 39. Kg1 Re1#
0-1

[Event "Dearborn (MI Inv/2)"]
[Site "Dearborn"]
[Date "1994.??.??"]
[Round "?"]
[White "Strugach, L."]
[Black "Tsemekhman, Vadim"]
[Result "0-1"]
[WhiteElo "2370"]
[BlackElo "2460"]
[PlyCount "82"]
[EventDate "1994.??.??"]

1. e4 e6 2. d4 d5 3. Nd2 Nf6 4. e5 Nfd7 5. Bd3 c5 6. c3 Nc6 7. Ne2 cxd4 8. cxd4
f6 9. exf6 Nxf6 10. O-O Bd6 11. Nf3 Qc7 12. a3 O-O 13. b4 e5 14. dxe5 Nxe5 15.
Ned4 Qc3 16. Bf4 Bg4 17. Nb5 Qxd3 18. Qxd3 Nxd3 19. Bxd6 Rf7 20. Nbd4 Ne4 21.
Bg3 Rc8 22. Rad1 Rc3 23. Nb5 Rb3 24. Rxd3 Rxd3 25. Ne5 Be2 26. Re1 Rxg3 27. Nd4
Rxa3 28. Nxf7 Kxf7 29. Nxe2 Rb3 30. f3 Nf6 31. Nd4 Rxb4 32. Nf5 a5 33. g4 Ne8
34. Re7+ Kf8 35. Rd7 a4 36. Rxd5 b5 37. Rd8 a3 38. Ra8 Ra4 39. Rxa4 bxa4 40.
Nd4 a2 41. Nc2 Nd6 0-1

[Event "Dearborn (MI Inv/4)"]
[Site "Dearborn"]
[Date "1994.??.??"]
[Round "?"]
[White "Strugach, L."]
[Black "Noren, Kevin"]
[Result "1-0"]
[WhiteElo "2370"]
[BlackElo "2260"]
[PlyCount "37"]
[EventDate "1994.??.??"]

1. d4 Nf6 2. c4 g6 3. Nc3 Bg7 4. e4 d6 5. Be2 O-O 6. Bg5 c5 7. d5 h6 8. Be3 e6
9. Qd2 exd5 10. exd5 Ng4 11. Bxg4 Bxg4 12. h3 Bf5 13. g4 Bd7 14. Bxh6 Bxh6 15.
Qxh6 Re8+ 16. Kf1 Qb6 17. b3 Qb4 18. Rc1 b5 19. Nf3 1-0

[Event "Detroit (MCO/Ch/3/6)"]
[Site "?"]
[Date "1994.??.??"]
[Round "?"]
[White "Strugach, L."]
[Black "Kitsis, S."]
[Result "0-1"]
[WhiteElo "2370"]
[BlackElo "2205"]
[PlyCount "70"]
[EventDate "1994.??.??"]

{3/(6)} 1. d4 Nf6 2. Nc3 g6 3. e4 d6 4. Nf3 Bg7 5. Bc4 O-O 6. Bb3 c6 7. O-O Qc7
8. h3 Nbd7 9. Be3 Re8 10. Ng5 Rf8 11. f4 h6 12. Nxf7 Rxf7 13. e5 d5 14. e6 Rf8
15. exd7 Bxd7 16. Ne2 Be6 17. c3 Ne4 18. Bc2 Kh7 19. Bxe4 dxe4 20. Qc2 Bc4 21.
Rf2 Bd3 22. Qd2 c5 23. dxc5 e5 24. fxe5 Rxf2 25. Bxf2 Bxe5 26. Be3 Rf8 27. b4
Qf7 28. Kh1 g5 29. a4 Bb8 30. Bg1 Qh5 31. Nd4 Bf4 32. Qd1 Qg6 33. Nc2 h5 34.
Ne3 g4 35. hxg4 Qg5 0-1

[Event "Detroit (MCO/Ch/4/9)"]
[Site "?"]
[Date "1994.??.??"]
[Round "?"]
[White "Strugach, L."]
[Black "Hater, David"]
[Result "1/2-1/2"]
[WhiteElo "2370"]
[BlackElo "2040"]
[PlyCount "86"]
[EventDate "1994.??.??"]

{4/(9)} 1. d4 Nf6 2. Nc3 d5 3. Bg5 g6 4. Nf3 Bg7 5. e3 O-O 6. Bd3 Nc6 7. O-O
Re8 8. Ne5 Nxe5 9. dxe5 Nd7 10. Nxd5 Nxe5 11. Be2 Bd7 12. c4 c6 13. Nxe7+ Rxe7
14. Bxe7 Qxe7 15. f4 Nxc4 16. Bxc4 Qxe3+ 17. Kh1 Bf5 18. Rf3 Qe7 19. Qb3 Re8
20. a4 Be4 21. Rf2 Qc7 22. Qg3 Qb6 23. Re1 Qb4 24. Rxe4 Rxe4 25. b3 Re1+ 26.
Rf1 Rxf1+ 27. Bxf1 Qc3 28. Qxc3 Bxc3 29. g3 Kf8 30. Kg2 Ke7 31. Kf3 Kd6 32. g4
Kc5 33. Bc4 f6 34. g5 fxg5 35. fxg5 Bd2 36. h4 h6 37. gxh6 Bxh6 38. Ke4 Kb4 39.
Kd3 b5 40. axb5 cxb5 41. Bf7 a5 42. Kc2 a4 43. bxa4 bxa4 1/2-1/2

[Event "Dearborn (MI Inv/5)"]
[Site "Dearborn"]
[Date "1994.??.??"]
[Round "?"]
[White "Strugach, L."]
[Black "Finegold, Ben"]
[Result "0-1"]
[WhiteElo "2370"]
[BlackElo "2570"]
[PlyCount "68"]
[EventDate "1994.??.??"]

1. e4 c5 2. Nf3 Nc6 3. Bb5 e6 4. O-O Nge7 5. c3 a6 6. Ba4 b5 7. Bc2 Bb7 8. Qe2
d5 9. d3 Ng6 10. Re1 d4 11. a4 Bd6 12. axb5 axb5 13. Rxa8 Bxa8 14. Na3 Qb8 15.
c4 b4 16. Nb5 O-O 17. Nxd6 Qxd6 18. e5 Qc7 19. h4 Qb7 20. Qe4 Qb8 21. Qe2 Qb7
22. Qe4 b3 23. Bd1 Nb4 24. Qe2 Qb8 25. h5 Bxf3 26. gxf3 Nxe5 27. Qxe5 Qxe5 28.
Rxe5 Nxd3 29. Bf4 Ra8 30. Bxb3 Ra1+ 31. Kh2 Nxe5 32. Bxe5 Rb1 33. Kg2 d3 34.
Bc3 d2 0-1

[Event "Detroit (MCO/Ch/6/10)"]
[Site "?"]
[Date "1994.??.??"]
[Round "?"]
[White "Strugach, L."]
[Black "Bell, A."]
[Result "1-0"]
[WhiteElo "2370"]
[BlackElo "1755"]
[PlyCount "23"]
[EventDate "1994.??.??"]

{6/(10)} 1. d4 Nf6 2. c4 g6 3. Nc3 d5 4. Bg5 Ne4 5. cxd5 Nxg5 6. h4 Ne4 7. Nxe4
Qxd5 8. Nc3 Qa5 9. Nf3 Bg7 10. h5 gxh5 11. e3 Bf5 12. Rxh5 1-0

[Event "Eastpointe (MI Action/1/18)"]
[Site "?"]
[Date "1994.??.??"]
[Round "?"]
[White "Strimpel, D."]
[Black "Schey, Danny"]
[Result "0-1"]
[WhiteElo "1605"]
[BlackElo "1765"]
[PlyCount "44"]
[EventDate "1994.??.??"]

{1/(18)} 1. e4 e5 2. Bc4 Nf6 3. Nf3 Nc6 4. Nc3 Nxe4 5. Nxe4 d5 6. Bxd5 Qxd5 7.
O-O Bg4 8. Qe2 Nd4 9. Qe3 Bxf3 10. gxf3 Nxc2 11. Qg5 Be7 12. Nf6+ Bxf6 13. Qh5
Nxa1 14. d4 Nc2 15. dxe5 Qxe5 16. Qg4 Nd4 17. Rd1 Rd8 18. Be3 Ne2+ 19. Kg2 Rxd1
20. Qc8+ Ke7 21. Qxh8 Rg1+ 22. Kh3 Qh5# 0-1

[Event "Eastpointe (MI Action/3/26)"]
[Site "?"]
[Date "1994.??.??"]
[Round "?"]
[White "Strimpel, D."]
[Black "Manus, J."]
[Result "0-1"]
[WhiteElo "1605"]
[BlackElo "1605"]
[PlyCount "76"]
[EventDate "1994.??.??"]

{3/(26)} 1. e4 e5 2. Bc4 Nf6 3. Nf3 Bc5 4. Nxe5 O-O 5. Bxf7+ Rxf7 6. Nxf7 Kxf7
7. O-O b6 8. e5 Nd5 9. Qh5+ Kg8 10. Re1 Bb7 11. Re4 Bxf2+ 12. Kxf2 Qf8+ 13. Ke2
Nf4+ 14. Rxf4 Qxf4 15. d3 Qf7 16. Qh4 Bxg2 17. Bg5 Qf1+ 18. Kd2 Nc6 19. Be3
Nxe5 20. Kc3 Rf8 21. Bc5 Rf4 22. Qd8+ Rf8 23. Bxf8 Qe1+ 24. Kd4 c5+ 25. Bxc5+
Kf7 26. Qe7+ Kg6 27. Qe8+ Kh6 28. Bd6 Qh4+ 29. Kc3 Nf3 30. Nd2 Qf6+ 31. d4
Qxd4+ 32. Kb3 Nxd2+ 33. Ka3 Nc4+ 34. Kb3 Nxd6 35. Ka3 Qc5+ 36. Kb3 Bd5+ 37. c4
Qxc4+ 38. Ka3 Nb5# 0-1

[Event "Detroit (MCO/C/1a/2)"]
[Site "?"]
[Date "1994.??.??"]
[Round "?"]
[White "Strenio, G."]
[Black "al-Shareef, Robert"]
[Result "1-0"]
[WhiteElo "1605"]
[BlackElo "1605"]
[PlyCount "91"]
[EventDate "1994.??.??"]

1. d4 Nf6 2. c4 g6 3. Nc3 Bg7 4. e4 d6 5. f3 O-O 6. Be3 Nbd7 7. Qd2 e5 8. d5 a5
9. h4 Nh5 10. Nge2 f5 11. exf5 gxf5 12. g4 fxg4 13. fxg4 Nhf6 14. Bh6 Nxg4 15.
Bxg7 Kxg7 16. O-O-O Nc5 17. Bh3 Bf5 18. Bxg4 Bxg4 19. Rdg1 h5 20. Ng3 Kf7 21.
Qh6 Qf6 22. Qh7+ Ke8 23. Rf1 Qe7 24. Rxf8+ Qxf8 25. Rf1 Bf3 26. Nxh5 Kd8 27.
Rg1 Bg2 28. Qg6 Bh3 29. Qg8 Nd7 30. Rg7 Bf5 31. Qxf8+ Nxf8 32. Rf7 Ng6 33. Rxf5
Ke7 34. Rg5 Kf7 35. Nb5 Rc8 36. b3 Ne7 37. Kd2 Ke8 38. Ng7+ Kd7 39. Nf5 Re8 40.
Rg7 Kd8 41. Nxe7 Rxe7 42. Rxe7 Kxe7 43. Nxc7 Kf6 44. Ne8+ Ke7 45. Nxd6 Kxd6 46.
h5 1-0

[Event "Eastpointe (US Am N/5/36)"]
[Site "?"]
[Date "1994.??.??"]
[Round "?"]
[White "Strenio, G."]
[Black "Woods, O."]
[Result "1-0"]
[WhiteElo "1605"]
[BlackElo "1605"]
[PlyCount "103"]
[EventDate "1994.??.??"]

{5/(36)} 1. d4 e6 2. c4 c6 3. Nf3 d5 4. Nc3 Nf6 5. Bg5 Be7 6. e3 h6 7. Bh4 O-O
8. Qc2 Nbd7 9. cxd5 cxd5 10. Bd3 b6 11. O-O Bb7 12. Rac1 Rc8 13. Qa4 Bc6 14.
Qb3 a5 15. Bg3 Ra8 16. Bb5 Bxb5 17. Qxb5 Rc8 18. Na4 Ra8 19. Rc6 Ne4 20. Bc7
Qe8 21. Nxb6 Nxb6 22. Qxb6 Rc8 23. Rfc1 a4 24. Bf4 Rxc6 25. Qxc6 Qxc6 26. Rxc6
Re8 27. Ne5 Rb8 28. Nd3 Nd2 29. Bxb8 Nc4 30. b3 axb3 31. axb3 Na5 32. Rc8+ Kh7
33. b4 Nc4 34. Ba7 Na3 35. Bc5 Bf6 36. Rc7 Kg6 37. Ne5+ Bxe5 38. dxe5 f6 39.
exf6 gxf6 40. Rb7 e5 41. b5 Nc2 42. b6 d4 43. exd4 exd4 44. Rd7 Kf5 45. b7 Ke4
46. b8=Q d3 47. Qe8+ Kf4 48. Rxd3 h5 49. Bd6+ Kf5 50. Rf3+ Kg5 51. Qg8+ Kh6 52.
Bf8# 1-0

[Event "Detroit (MCO/C/5/1)"]
[Site "?"]
[Date "1994.??.??"]
[Round "?"]
[White "Strenio, G."]
[Black "Wheeler, R."]
[Result "1-0"]
[WhiteElo "1605"]
[BlackElo "1605"]
[PlyCount "81"]
[EventDate "1994.??.??"]

{5/(1)} 1. d4 d6 2. c4 g6 3. Nc3 Bg7 4. e4 Nf6 5. f3 c6 6. Be3 O-O 7. Qd2 Re8
8. g4 a6 9. h4 e5 10. d5 b5 11. h5 b4 12. Nce2 c5 13. Ng3 Kf8 14. Bh6 Bxh6 15.
Qxh6+ Ke7 16. hxg6 hxg6 17. Bd3 Kd7 18. Bc2 Kc7 19. g5 Ng8 20. Qh4 Nd7 21. Ba4
Rf8 22. Nf1 Nb6 23. Bc6 Bb7 24. Bxb7 Kxb7 25. Nd2 Na4 26. b3 Nc3 27. Ne2 Nxe2
28. Kxe2 Ne7 29. Qh3 f5 30. gxf6 Rxf6 31. Rh2 g5 32. Rah1 Ng6 33. Ke3 Nh4 34.
Rg1 Qg8 35. Qd7+ Kb6 36. Rxh4 Ra7 37. Qc6+ Ka5 38. Rhg4 Qg7 39. a3 Rc7 40.
axb4+ cxb4 41. Ra1# 1-0

[Event "Eastpointe (US Am N/1b/8)"]
[Site "?"]
[Date "1994.??.??"]
[Round "?"]
[White "Strenio, G."]
[Black "Smith, Walt"]
[Result "0-1"]
[WhiteElo "1605"]
[BlackElo "1965"]
[PlyCount "88"]
[EventDate "1994.??.??"]

1. d4 e6 2. c4 c5 3. Nf3 a6 4. Nc3 cxd4 5. Nxd4 Qc7 6. e4 Nf6 7. Bg5 Bb4 8.
Bxf6 gxf6 9. Rc1 Qe5 10. Qd3 f5 11. Nf3 Qxe4+ 12. Be2 Qxd3 13. Bxd3 Nc6 14. O-O
Bxc3 15. Rxc3 Rg8 16. a3 d6 17. b4 e5 18. b5 axb5 19. cxb5 Ne7 20. Bc4 Be6 21.
Bxe6 fxe6 22. Ra1 Kd7 23. Ne1 Ra4 24. Rh3 Rg7 25. Nc2 Nd5 26. Rb3 e4 27. Ne3
Nf4 28. g3 Nd3 29. f4 Nxf4 30. Kf2 Nd3+ 31. Ke2 f4 32. gxf4 Nxf4+ 33. Kd2 Rd4+
34. Kc2 Ng2 35. Rc1 d5 36. b6 Nxe3+ 37. Rxe3 Rc4+ 38. Rc3 Rxc3+ 39. Kxc3 Kc6
40. Rb1 Kc5 41. a4 e5 42. Rb5+ Kc6 43. Kb4 e3 44. a5 Rg4+ 0-1

[Event "Detroit (MOR/7/28)"]
[Site "?"]
[Date "1994.??.??"]
[Round "?"]
[White "Strenio, G."]
[Black "Simmons, P."]
[Result "1-0"]
[WhiteElo "1605"]
[BlackElo "1605"]
[PlyCount "59"]
[EventDate "1994.??.??"]

{7/(28)} 1. d4 d5 2. c4 e6 3. Nc3 Nf6 4. Bg5 c5 5. cxd5 cxd4 6. Qxd4 Nc6 7. Qa4
exd5 8. e3 Bb4 9. Rc1 O-O 10. Nge2 Qd6 11. Bxf6 Qxf6 12. a3 Bc5 13. Nxd5 Qxb2
14. Rxc5 Ne5 15. Nc1 Be6 16. Nc7 Rac8 17. Be2 Rfd8 18. O-O Nc6 19. Nxe6 fxe6
20. Qb3 Qa1 21. Qxe6+ Kh8 22. Qa2 Qf6 23. Nd3 b6 24. Rc2 Rd6 25. Nb4 Qe5 26.
Rfc1 Rh6 27. h3 Qg5 28. Rxc6 Rg8 29. Rc8 Rxh3 30. Qxg8# 1-0

[Event "Detroit (MOR/5/39)"]
[Site "?"]
[Date "1994.??.??"]
[Round "?"]
[White "Strenio, G."]
[Black "Raupp, Christine"]
[Result "0-1"]
[WhiteElo "1605"]
[BlackElo "1605"]
[PlyCount "70"]
[EventDate "1994.??.??"]

{5/(39)} 1. d4 e6 2. Nf3 f5 3. c4 Nf6 4. Nc3 Bb4 5. Bg5 b6 6. e3 Bb7 7. Bd3 d6
8. Qc2 Nbd7 9. O-O-O Bxc3 10. Qxc3 O-O 11. Rhg1 c6 12. Nd2 Rc8 13. Kb1 b5 14.
c5 dxc5 15. dxc5 Nxc5 16. Bxf5 Qd5 17. e4 Ncxe4 18. Nxe4 Nxe4 19. Bxe4 Qxe4+
20. Ka1 Rxf2 21. Rd4 Qe2 22. Rd7 Rf7 23. Rgd1 Rcf8 24. a3 Qg4 25. h4 Bc8 26.
R1d4 Qf5 27. g4 Qf1+ 28. Rd1 Bxd7 29. Rxf1 Rxf1+ 30. Ka2 R8f3 31. Qe5 a5 32.
Be7 h6 33. g5 Rf5 34. Qg3 a4 35. g6 e5 0-1

[Event "Detroit (MCO/C/3a/2)"]
[Site "?"]
[Date "1994.??.??"]
[Round "?"]
[White "Strenio, G."]
[Black "McNeil, Yaking"]
[Result "1-0"]
[WhiteElo "1605"]
[BlackElo "1605"]
[PlyCount "71"]
[EventDate "1994.??.??"]

1. d4 c6 2. c4 d5 3. cxd5 cxd5 4. Nc3 Nf6 5. Bf4 Nc6 6. e3 Bf5 7. Qb3 b6 8. Ba6
Bc8 9. Bb5 Bb7 10. Nf3 e6 11. Ne5 Rc8 12. Qa4 Be7 13. Bxc6+ Bxc6 14. Nxc6 Qd7
15. Nxe7 Qxa4 16. Nxa4 Kxe7 17. Bg5 Rc2 18. O-O h6 19. Bxf6+ Kxf6 20. Rfc1 Rhc8
21. Nc3 Rxb2 22. Ne4+ dxe4 23. Rxc8 a5 24. Rcc1 b5 25. Rcb1 Rxb1+ 26. Rxb1 b4
27. a3 bxa3 28. Ra1 e5 29. d5 Ke7 30. Rxa3 Kd6 31. Rxa5 f5 32. Ra7 g5 33. Ra6+
Kxd5 34. Rxh6 f4 35. Rg6 fxe3 36. fxe3 1-0

[Event "Eastpointe (US Am N/3/25)"]
[Site "?"]
[Date "1994.??.??"]
[Round "?"]
[White "Strenio, G."]
[Black "McCarter, Robert"]
[Result "0-1"]
[WhiteElo "1605"]
[BlackElo "1700"]
[PlyCount "100"]
[EventDate "1994.??.??"]

{3/(25)} 1. d4 Nf6 2. c4 e6 3. Nc3 Bb4 4. Qc2 c5 5. Nf3 Nc6 6. dxc5 Bxc5 7. Bg5
Be7 8. e3 O-O 9. Rd1 a6 10. Be2 Qc7 11. O-O d6 12. Ne4 Nb4 13. Nxf6+ gxf6 14.
Qd2 fxg5 15. Qxb4 g4 16. Nd2 f5 17. Qb3 h5 18. f3 Rf6 19. fxg4 hxg4 20. e4 Rh6
21. exf5 Qc5+ 22. Rf2 exf5 23. Nf1 Be6 24. Re1 Kf7 25. Bxg4 Rg8 26. Qf3 Rxg4
27. Qxg4 Qxf2+ 28. Kxf2 fxg4 29. b3 Bh4+ 30. g3 Bf6 31. Rd1 Be5 32. Kg2 Bf5 33.
Ne3 Be4+ 34. Kg1 Bf3 35. Nf5 Re6 36. Rf1 Kf6 37. Rxf3 gxf3 38. Nh4 Bd4+ 39. Kf1
f2 40. Nf3 Bb6 41. g4 Kg6 42. h4 Re4 43. h5+ Kh6 44. Nh2 Re1+ 45. Kg2 Rg1+ 46.
Kh3 Rh1 47. Kg2 Rxh2+ 48. Kf3 f1=Q+ 49. Ke4 Re2+ 50. Kd5 Qd1# 0-1

[Event "Detroit (MCO/C/7/1)"]
[Site "?"]
[Date "1994.??.??"]
[Round "?"]
[White "Strenio, G."]
[Black "James, Larry"]
[Result "0-1"]
[WhiteElo "1605"]
[BlackElo "1605"]
[PlyCount "59"]
[EventDate "1994.??.??"]

{7/(1)} 1. d4 d5 2. c4 e6 3. Nc3 Nf6 4. Bg5 Be7 5. Qc2 O-O 6. Nf3 c6 7. e3 Nbd7
8. a3 a5 9. c5 b6 10. cxb6 Qxb6 11. Na4 Qc7 12. Rc1 Bb7 13. Bd3 Rfc8 14. O-O c5
15. dxc5 Bxc5 16. Bxf6 gxf6 17. Nxc5 Qxc5 18. Qb1 Qd6 19. Bxh7+ Kg7 20. Bd3 Rh8
21. h3 Ne5 22. Nxe5 Qxe5 23. Rc5 Rag8 24. Rfc1 Kf8 25. Kh1 Qg5 26. Bf1 Rxh3+
27. Kg1 Qh6 28. Rc8+ Bxc8 29. Rxc8+ Ke7 30. g3 0-1